عرض عادي
عرض مارك
- McVey-Gill, Mary
مدخل إسم شخص
001 - رقم الضبط
- حقل الضبط: 109782
003 - معرف رقم الضبط
- حقل الضبط: OSt
005 - تاريخ ووقت أخر عملية
- حقل الضبط: 20221101154511.0
008 - عناصر بيانات ثابتة الطول
- حقل تحكم ثابت الطول: 221101|| aca||aabn | a|a d
040 ## - مصدر الفهرسة
- هيئة الفهرسة الأصلية: OSt
- وكالة الكتابة: OSt
100 ## - مدخل -- أسم شخص
- إسم شخص: McVey-Gill, Mary
670 ## - بيانات المصدر موجوده
- الاستشهاد بالمصدر: Work cat.: (OSt)0: McVey-Gill, Mary, Listening & speaking, 2005-
